[Event "Titled Tue 20th May Early"]
[Site "chess.com INT"]
[Date "2025.05.20"]
[Round "8"]
[White "Sava, Robert-Gabriel"]
[Black "Sitnic, Adnan"]
[Result "1-0"]
[WhiteTitle "CM"]
[BlackTitle "CM"]
[WhiteElo "2155"]
[BlackElo "2105"]
[WhiteFideId "1265725"]
[BlackFideId "14403854"]
[EventDate "2025.05.20"]

1. e4 Nc6 2. Nf3 d6 3. d3 Nf6 4. Be2 g6 5. Be3 Bg7 6. h3 O-O 7. O-O e5 8. c3 Re8
9. Nbd2 Bd7 10. Qc2 Ne7 11. d4 Nc6 12. d5 Ne7 13. c4 c6 14. Qb3 Qc7 15. Rfd1 h6
16. c5 cxd5 17. cxd6 Qxd6 18. exd5 Nexd5 19. Nc4 Qb8 20. Bc5 e4 21. Nd4 Nf4 22.
Bf1 Be6 23. Qe3 N4d5 24. Qa3 Qf4 25. Bd6 Qg5 26. Bg3 Nh5 27. Bh2 Ndf4 28. Nxe6
Rxe6 29. Kh1 b5 30. Ne3 a5 31. Rac1 b4 32. Qb3 Ree8 33. g3 Ne6 34. Bg2 Nf6 35.
h4 Qb5 36. Nd5 Nxd5 37. Rxd5 a4 38. Rxb5 axb3 39. axb3 Bxb2 40. Rb1 Bc3 41. Bxe4
Ra2 42. Bd5 Rxf2 43. Bg1 Rd2 44. Rf1 Kg7 45. Bxe6 Rxe6 46. Rb7 Rf6 47. Rxf6 Kxf6
48. Bc5 Rb2 49. Bxb4 Rxb3 50. Be7+ Ke6 51. Rxb3 Be5 52. Bb4 f5 53. Re3 Kf6 54.
Bc3 Bxc3 55. Rxc3 g5 56. hxg5+ hxg5 57. Kg2 g4 58. Rc4 Ke5 59. Rf4 Kf6 60. Kf2
Kg5 61. Ke3 Kf6 62. Kd4 Ke6 63. Rf2 Kf6 64. Kd5 f4 65. Rxf4+ Kg5 66. Ke5 Kh5 67.
Kf5 Kh6 68. Rxg4 Kh5 69. Rg5+ Kh6 70. Kf6 Kh7 71. Kf7 Kh8 72. Rh5# 1-0

[Event "Titled Tue 20th May Early"]
[Site "chess.com INT"]
[Date "2025.05.20"]
[Round "8"]
[White "Moiseenko, Alexander"]
[Black "Banh Gia Huy"]
[Result "1-0"]
[WhiteTitle "GM"]
[BlackTitle "IM"]
[WhiteElo "2568"]
[BlackElo "2425"]
[WhiteFideId "14102560"]
[BlackFideId "12424714"]
[EventDate "2025.05.20"]

1. d4 Nf6 2. Bg5 c5 3. Nc3 cxd4 4. Qxd4 Nc6 5. Qh4 e6 6. O-O-O Be7 7. e4 O-O 8.
f4 h6 9. Nf3 hxg5 10. Nxg5 g6 11. g4 Kg7 12. e5 Rh8 13. exf6+ Bxf6 14. Qg3 Bxg5
15. fxg5 Qxg5+ 16. Kb1 d5 17. Bb5 Qe5 18. Qf2 Bd7 19. Rdf1 Raf8 20. Bd3 Rh3 21.
a3 Qd4 22. Qg2 Rfh8 23. Ne2 Qe5 24. Nf4 R3h4 25. Rf2 Qg5 26. h3 Ne5 27. Rhf1 Bc6
28. Qg3 d4 29. Ka1 R4h7 30. Re1 Nf3 31. Rxf3 Bxf3 32. Qxf3 e5 33. Nd5 Rxh3 34.
Qe4 R8h4 35. Rg1 b6 36. Ka2 Rh2 37. a4 Rf2 38. Nb4 Rf4 39. Qb7 Rhxg4 40. Re1 e4
41. Bxe4 Qe5 42. Nd3 Qe6+ 43. Bd5 Qf6 44. Nxf4 Rxf4 45. Re7 Qd6 46. Rxf7+ Rxf7
47. Qxf7+ Kh6 48. Bb3 g5 49. Qxa7 g4 50. Qb7 g3 51. Qg2 Qf4 52. Bd5 Qf2 53. Qxf2
gxf2 54. Bc4 Kg5 55. Bd3 Kf4 56. Kb3 Ke3 57. Kc4 Kd2 1-0

[Event "Titled Tue 20th May Early"]
[Site "chess.com INT"]
[Date "2025.05.20"]
[Round "8"]
[White "Wu, Derek"]
[Black "Petriashvili, Nikoloz"]
[Result "0-1"]
[WhiteTitle "FM"]
[BlackTitle "IM"]
[WhiteElo "2232"]
[BlackElo "2468"]
[WhiteFideId "30914558"]
[BlackFideId "13611216"]
[EventDate "2025.05.20"]

1. d4 Na6 2. e4 c6 3. Nf3 g6 4. h4 d5 5. e5 Bg4 6. Be2 e6 7. Ng5 Bxe2 8. Qxe2 h6
9. Nf3 h5 10. c3 Nh6 11. Nbd2 Nf5 12. Nf1 Be7 13. g3 c5 14. Ne3 Nxe3 15. Bxe3
cxd4 16. cxd4 Qa5+ 17. Kf1 Nb4 18. a3 Qa6 19. Qxa6 Nxa6 20. Rc1 Kd7 21. Ke2 Rhc8
22. Nd2 Rc6 23. Rxc6 bxc6 24. b4 Nc7 25. Nb3 Nb5 26. Ra1 Nc3+ 27. Kd3 Na4 28.
Ra2 Nb6 29. Na5 Na4 30. Rc2 Rc8 31. Bc1 Bd8 32. Nb7 Rb8 33. Nd6 f5 34. Nf7 Be7
35. Bd2 a5 36. bxa5 Rb3+ 37. Ke2 Rxa3 38. Nh8 c5 39. dxc5 Bxc5 40. Nxg6 d4 41.
Rc4 d3+ 42. Kf3 Kc6 43. Nf4 Kb5 44. Rc1 Ra2 45. Rb1+ Kc4 46. Rc1+ Kb5 47. Be3 d2
48. Rd1 Bxe3 49. Kxe3 Nb2 50. Kxd2 Nxd1+ 51. Kxd1 Rxf2 52. Nxe6 Rg2 53. Ng7 Rxg3
54. Nxf5 Rg1+ 55. Ke2 Kc5 56. e6 Kc6 57. e7 Kd7 58. Kf3 Rg4 59. a6 Ra4 0-1

[Event "Titled Tue 20th May Early"]
[Site "chess.com INT"]
[Date "2025.05.20"]
[Round "8"]
[White "Skiadopoulos, Nikolaos"]
[Black "Duarte Cramer, Lily Jeanette"]
[Result "0-1"]
[WhiteTitle "CM"]
[BlackTitle "WCM"]
[WhiteElo "1882"]
[BlackElo "1828"]
[WhiteFideId "4200772"]
[BlackFideId "29620180"]
[EventDate "2025.05.20"]

1. e4 c5 2. b4 cxb4 3. a3 d5 4. e5 Nc6 5. Nf3 Bg4 6. Bb5 Qc7 7. O-O Bxf3 8. Qxf3
Qxe5 9. c3 e6 10. Bxc6+ bxc6 11. d4 Qc7 12. cxb4 Bd6 13. g3 Nf6 14. Bg5 Ne4 15.
Be3 O-O 16. Nd2 Nxd2 17. Bxd2 a5 18. Rac1 axb4 19. axb4 Qb6 20. Qc3 Rfc8 21. Rb1
Qb5 22. Rfc1 Rab8 23. h4 f6 24. Qe3 e5 25. dxe5 Bxe5 26. f4 Bc7 27. Qe6+ Kh8 28.
Rxc6 Bb6+ 29. Rxb6 Qxb6+ 30. Qxb6 Rxb6 31. Kf2 Rc2 32. Ke3 Rc4 33. Kd3 h6 34.
Re1 Rcc6 35. g4 Re6 36. Rc1 Ra6 37. Rc3 Re4 38. b5 Rb6 39. Rb3 Kg8 40. Be3 Rb7
41. b6 Kf7 42. g5 hxg5 43. hxg5 Re8 44. Rb5 Rd8 45. Kd4 Ke6 46. gxf6 gxf6 47.
f5+ Ke7 48. Rxd5 Rxb6 49. Rxd8 Kxd8 50. Ke4 Rb5 51. Bd4 Ke7 52. Bc3 Rc5 53. Bd4
Rb5 54. Bc3 Rb6 55. Bd4 Ra6 56. Bc3 Kf7 57. Bd4 Kg7 58. Bc3 Kh6 59. Bd2+ Kh5 60.
Bf4 Kg4 61. Be3 Ra4+ 62. Bd4 Rxd4+ 63. Kxd4 Kxf5 64. Ke3 Kg4 65. Ke2 Kg3 66. Kf1
Kf3 0-1

[Event "Titled Tue 20th May Early"]
[Site "chess.com INT"]
[Date "2025.05.20"]
[Round "8"]
[White "Grot, Blazej"]
[Black "Matyakubov, Miraziz"]
[Result "0-1"]
[WhiteTitle "CM"]
[BlackTitle "CM"]
[WhiteElo "2217"]
[BlackElo "2272"]
[WhiteFideId "21835845"]
[BlackFideId "14215772"]
[EventDate "2025.05.20"]

1. e4 e5 2. Nf3 d6 3. d4 exd4 4. Nxd4 Nf6 5. Nc3 Be7 6. Be2 O-O 7. O-O Re8 8.
Re1 Nc6 9. Bf1 Bd7 10. Bf4 h6 11. Bg3 Bf8 12. Qd2 a6 13. Rad1 Nh5 14. Bc4 Nxg3
15. hxg3 Ne5 16. Be2 g6 17. Nf3 Ng4 18. Bc4 Bg7 19. Qf4 Rf8 20. Bb3 Qf6 21. Nd5
Qd8 22. Nc3 Ne5 23. Nxe5 dxe5 24. Qf3 c6 25. Na4 Qc7 26. Nc5 Bc8 27. a4 b6 28.
Nd3 h5 29. Qe3 Kh7 30. a5 bxa5 31. Qc5 Rb8 32. Ra1 Rb5 33. Qc3 Be6 34. Bxe6 fxe6
35. b3 Qb6 36. Ra4 Rd8 37. Rea1 Rd4 38. Rxa5 Rxa5 39. Qxa5 Qxa5 40. Rxa5 Rxe4
41. Rxa6 Re2 42. Rxc6 e4 43. Nf4 Re1+ 44. Kh2 Bd4 45. Rxe6 Bxf2 46. Re7+ Kh6 47.
Re6 e3 48. Nxg6 Kg5 49. Ne5 h4 50. Nf3+ Kf5 51. Nxe1 hxg3+ 52. Kh3 Kxe6 53. Nf3
e2 54. Kg4 Kd5 55. c4+ Kc5 56. Kf4 Kb4 57. Ke4 e1=Q+ 58. Nxe1 Bxe1 59. Kd5 Bf2
60. Kd6 Bc5+ 61. Kd5 Bf2 62. Kd6 Bg1 63. Kd5 Kxb3 64. c5 Kb4 65. c6 Bb6 66. Kd6
Kc4 67. c7 Bxc7+ 68. Kxc7 Kd4 69. Kd6 Ke3 70. Ke5 Kf2 71. Kf4 Kxg2 72. Ke3 Kf1
73. Kf3 g2 0-1

[Event "Titled Tue 20th May Early"]
[Site "chess.com INT"]
[Date "2025.05.20"]
[Round "8"]
[White "Yang, Kaiqi"]
[Black "Karimova, Guldona"]
[Result "1-0"]
[WhiteTitle "GM"]
[BlackTitle "WIM"]
[WhiteElo "2481"]
[BlackElo "2265"]
[WhiteFideId "8604398"]
[BlackFideId "14210410"]
[EventDate "2025.05.20"]

1. e4 c5 2. Nf3 e6 3. c3 Nf6 4. e5 Nd5 5. Bc4 Nc6 6. O-O Be7 7. d4 cxd4 8. Bxd5
exd5 9. Re1 d6 10. exd6 Qxd6 11. Nxd4 O-O 12. Be3 Bf6 13. Na3 a6 14. Nac2 Be6
15. Qf3 Ne5 16. Qg3 Qd7 17. Bg5 Bxg5 18. Qxg5 Nc4 19. Ne3 Nxe3 20. Rxe3 f6 21.
Qf4 Bf7 22. Rae1 Rfe8 23. Nf5 Rxe3 24. Rxe3 Re8 25. h3 Rxe3 26. Nxe3 Be6 27. Qd4
Kf7 28. a4 h5 29. f4 g6 30. Kf2 Qc6 31. g4 hxg4 32. hxg4 Qd6 33. Kf3 Ke7 34. b4
g5 35. fxg5 fxg5 36. Qg7+ Ke8 37. Qxg5 Qf8+ 38. Qf4 Qg7 39. Qb8+ Kf7 40. Qxb7+
Kg6 41. Qxg7+ Kxg7 42. Kf4 Kf6 43. g5+ Kg6 44. Ke5 Bd7 45. Nxd5 Bxa4 46. Kf4 Bb3
47. Ne7+ Kf7 48. Nf5 Kg6 49. Nd4 Bc4 50. Nc6 Bb5 51. Ne5+ Kg7 52. Ke4 Be2 53.
Kd4 Bf1 54. Kc5 Be2 55. Kb6 Bf1 56. c4 Bxc4 57. Nxc4 Kg6 58. Kxa6 Kxg5 59. b5
Kf6 60. b6 Ke7 61. b7 Kd7 62. b8=Q Ke7 63. Qd6+ 1-0

[Event "Titled Tue 20th May Early"]
[Site "chess.com INT"]
[Date "2025.05.20"]
[Round "8"]
[White "Nihal, Sarin"]
[Black "Aravindh, Chithambaram VR."]
[Result "1-0"]
[WhiteTitle "GM"]
[BlackTitle "GM"]
[WhiteElo "2693"]
[BlackElo "2749"]
[WhiteFideId "25092340"]
[BlackFideId "5072786"]
[EventDate "2025.05.20"]

1. f4 d5 2. Nf3 g6 3. g3 Bg7 4. Bg2 Nf6 5. O-O O-O 6. d3 c5 7. c3 Nc6 8. a4 Bf5
9. h3 h5 10. Qe1 Re8 11. Nh4 Bd7 12. e4 e6 13. Nd2 a6 14. Ndf3 b5 15. Ng5 c4 16.
e5 Nh7 17. Nxh7 Kxh7 18. axb5 axb5 19. Rxa8 Qxa8 20. d4 b4 21. g4 hxg4 22. hxg4
bxc3 23. bxc3 Ne7 24. Nf3 Kg8 25. Qh4 Qa1 26. Bd2 Qb2 27. Kh2 Ba4 28. Rf2 Qb1
29. Ng5 Bc2 30. Nh7 g5 31. Nxg5 Ng6 32. Qh7+ Kf8 33. Qh5 Ke7 34. Nh7 Rh8 35. f5
exf5 36. gxf5 Nf8 37. f6+ Ke8 38. fxg7 Rxh7 39. gxf8=Q+ Kxf8 40. Bh6+ Ke7 41.
Bxd5 Bg6 42. Qg5+ Kd7 43. Bg2 Qd3 44. Rf3 Qe2 45. Rh3 Be4 46. Qg3 Bxg2 47. Qxg2
Qe1 48. Bf4 Rxh3+ 49. Qxh3+ Kd8 50. Qe3 Qf1 51. Kg3 Ke7 52. Qf3 Qe1+ 53. Kh3 Qb1
54. Bg5+ Ke8 55. Qa8+ Kd7 56. Qd5+ Kc7 57. Qxf7+ Kb6 58. Qf3 Qg1 59. Be3 Qg6 60.
d5+ Kb5 61. e6 Ka4 62. Qg4 Qd3 63. Qd4 Qf1+ 64. Kg3 Qe1+ 65. Bf2 Qe2 66. d6 Qxe6
67. d7 Qg6+ 68. Kh2 Qh7+ 69. Bh4 Qc2+ 70. Qf2 Qd3 71. d8=Q Qd6+ 72. Qxd6 1-0

[Event "Titled Tue 20th May Early"]
[Site "chess.com INT"]
[Date "2025.05.20"]
[Round "8"]
[White "Skliarov, Viktor"]
[Black "Piddubna, Bozhena"]
[Result "1/2-1/2"]
[WhiteTitle "IM"]
[BlackTitle "WFM"]
[WhiteElo "2334"]
[BlackElo "2174"]
[WhiteFideId "14106736"]
[BlackFideId "34109293"]
[EventDate "2025.05.20"]

1. e4 e5 2. Nc3 Nf6 3. Bc4 c6 4. Nf3 d5 5. exd5 e4 6. Qe2 cxd5 7. Bb5+ Bd7 8.
Bxd7+ Qxd7 9. d3 Bb4 10. dxe4 dxe4 11. O-O Bxc3 12. bxc3 O-O 13. Nd4 Nc6 14. Rd1
Qc7 15. Bg5 Nxd4 16. cxd4 Nd5 17. Qxe4 Nc3 18. Qe7 Qxe7 19. Bxe7 Nxd1 20. Bxf8
Nxf2 21. Bxg7 Ne4 22. Bh6 Rc8 23. Re1 f5 24. g4 Rxc2 25. gxf5 Nd6 26. f6 Kf7 27.
Bf4 Nf5 28. a4 Nxd4 29. Re7+ Kxf6 30. Rxb7 Ne2+ 31. Kf1 Nxf4 32. Rxh7 a5 33. Ra7
Rc5 34. Kf2 Nd3+ 35. Ke3 Nb2 36. Kd4 Rh5 37. Ra6+ Ke7 38. Ra7+ Kd6 39. Ra6+ Kc7
40. Ra7+ Kb6 41. Rg7 Nxa4 42. Rg6+ Ka7 43. Rg2 Nb6 44. Kc3 a4 45. Kb2 Rh3 46.
Ka2 Ka6 47. Rf2 Ka5 48. Rg2 Kb4 49. Rf2 Nc4 50. Rg2 Ra3+ 51. Kb1 Rb3+ 52. Ka2 a3
53. h4 Rh3 54. Rg4 Rh2+ 55. Ka1 Kb3 56. Rg3+ Kb4 57. Rg4 Rh3 58. Rf4 Rh1+ 59.
Ka2 Kc3 60. Rf3+ Kb4 61. Rf4 Rh2+ 62. Ka1 Rh3 63. Rg4 Rd3 64. h5 Rh3 65. Rg5 Kb3
66. Rb5+ Kc3 67. Ka2 Rh2+ 68. Ka1 Rb2 69. Rg5 Rh2 70. Rb5 Nd2 71. Ka2 Nc4+ 72.
Ka1 1/2-1/2

[Event "Titled Tue 20th May Early"]
[Site "chess.com INT"]
[Date "2025.05.20"]
[Round "8"]
[White "Gutman, Gennadi"]
[Black "Suvradeepta, Das"]
[Result "1/2-1/2"]
[WhiteTitle "GM"]
[BlackTitle "FM"]
[WhiteElo "2445"]
[BlackElo "2254"]
[WhiteFideId "14102277"]
[BlackFideId "5058031"]
[EventDate "2025.05.20"]

1. e4 c6 2. Nf3 d5 3. Nc3 Bg4 4. h3 Bxf3 5. Qxf3 d4 6. Ne2 c5 7. Ng3 Nc6 8. Bc4
e6 9. d3 g6 10. O-O Bg7 11. Qe2 a6 12. a4 Qc7 13. f4 Nge7 14. Bd2 O-O 15. Rae1
Kh8 16. Qf2 Rab8 17. f5 Be5 18. fxe6 fxe6 19. Qxf8+ Rxf8 20. Rxf8+ Kg7 21. Ref1
Nf5 22. Nxf5+ Kxf8 23. Nxd4+ Ke8 24. Nxe6 Qe7 25. Bg5 Qd6 26. Rf8+ Qxf8 27. Nxf8
Kxf8 28. Bd5 Bxb2 29. Bxc6 bxc6 30. Be3 Ba3 31. c3 Ke7 32. d4 cxd4 33. cxd4 Ke6
34. Kf2 Be7 35. Ke2 Kd6 36. Kd3 Kc7 37. Kc4 Kb6 38. d5+ Kc7 39. Bf4+ Kd7 40. e5
cxd5+ 41. Kxd5 Bb4 42. e6+ Ke7 43. Bg5+ Ke8 44. g4 h5 45. gxh5 gxh5 46. Ke5 Bc3+
47. Kf5 Be1 48. Kg6 h4 49. Kh5 Kf8 50. Bxh4 Bxh4 51. Kxh4 Ke7 52. Kg5 Kxe6 53.
Kg6 Ke7 54. h4 Kf8 55. Kh7 Kf7 56. h5 a5 57. h6 Kf8 58. Kg6 Kg8 59. h7+ Kh8 60.
Kf6 Kxh7 61. Ke6 Kg7 62. Kd6 Kf8 63. Kc6 Ke8 64. Kb5 Kd8 65. Kxa5 Kc8 66. Kb6
Kb8 67. a5 Ka8 68. a6 Kb8 69. Ka5 Ka8 70. Kb6 Kb8 71. Kb5 Ka8 72. Kb6 1/2-1/2

[Event "Titled Tue 20th May Early"]
[Site "chess.com INT"]
[Date "2025.05.20"]
[Round "8"]
[White "Khamdamova, Afruza"]
[Black "Kvaloy, Aksel Bu"]
[Result "1-0"]
[WhiteTitle "WIM"]
[BlackTitle "IM"]
[WhiteElo "2344"]
[BlackElo "2479"]
[WhiteFideId "14210444"]
[BlackFideId "1528815"]
[EventDate "2025.05.20"]

1. e4 e6 2. d4 d5 3. Nd2 c5 4. exd5 Qxd5 5. Ngf3 cxd4 6. Bc4 Qd6 7. O-O Nf6 8.
Nb3 Nc6 9. Nbxd4 Nxd4 10. Nxd4 Be7 11. Re1 Qc7 12. Bf1 O-O 13. Qe2 b6 14. g3 Re8
15. Bf4 Qd7 16. Rad1 Bb7 17. Nf3 Qc6 18. Bg2 Rad8 19. c3 h6 20. Nh4 Qc8 21. Be5
Bxg2 22. Nxg2 Nd5 23. c4 Nb4 24. a3 Nc6 25. Bc3 Rxd1 26. Rxd1 Rd8 27. Ne3 Bc5
28. Qg4 Rxd1+ 29. Nxd1 Qf8 30. b4 Bd6 31. Qe4 Ne7 32. Ne3 Ng6 33. h4 Qb8 34. h5
Ne5 35. Kg2 Nd7 36. Ng4 Kf8 37. Qd4 f6 38. Ne3 Ke7 39. Qe4 Be5 40. Bd2 Qc7 41.
f4 f5 42. Qd3 Bf6 43. Qe2 Qc6+ 44. Qf3 Qxf3+ 45. Kxf3 Nb8 46. b5 Nd7 47. Bb4+
Ke8 48. a4 Be7 49. Be1 Nc5 50. a5 Nd3 51. Bd2 Bb4 52. Bxb4 Nxb4 53. axb6 axb6
54. Ke2 Ke7 55. Kd2 Kd6 56. Kc3 Kc5 57. g4 Na2+ 58. Kd3 Nb4+ 59. Kc3 Na2+ 60.
Kb2 Nb4 61. gxf5 Nd3+ 62. Kc3 Nxf4 63. fxe6 Kd6 64. Nd5 Nxe6 65. Nxb6 Nf4 66.
Nc8+ Kc7 67. Ne7 Nxh5 68. Nf5 Kd7 69. c5 Ke6 70. b6 Kd7 71. Kc4 1-0

[Event "Titled Tue 20th May Early"]
[Site "chess.com INT"]
[Date "2025.05.20"]
[Round "8"]
[White "Sanhueza, Cristian"]
[Black "Poormosavi, Seyed Kian"]
[Result "0-1"]
[WhiteTitle "FM"]
[BlackTitle "IM"]
[WhiteElo "2182"]
[BlackElo "2379"]
[WhiteFideId "116815"]
[BlackFideId "12585807"]
[EventDate "2025.05.20"]

1. e4 c5 2. Nf3 Nc6 3. d4 cxd4 4. Nxd4 g6 5. Nc3 Bg7 6. Be3 Nf6 7. Bc4 O-O 8.
Bb3 a5 9. O-O a4 10. Nxa4 Nxe4 11. Nb5 Ra6 12. c4 d6 13. Qe2 Be6 14. Rfd1 Na5
15. Bb6 Rxb6 16. Nxb6 Qxb6 17. Qxe4 Bxb2 18. Rab1 Bf5 19. Qxe7 Bxb1 20. Rxb1 Be5
21. Nc7 Qd4 22. Rd1 Qe4 23. Nd5 Kg7 24. f4 Bd4+ 25. Kf1 Qxe7 26. Nxe7 Bc5 27.
Nd5 Nc6 28. Ba4 Nd4 29. Rb1 Ra8 30. Nc3 b6 31. g4 Ne6 32. f5 Ng5 33. h4 Nf3 34.
Ke2 Ne5 35. fxg6 hxg6 36. g5 Nxc4 37. Bb3 Ne5 38. Ne4 Rh8 39. Rh1 Rd8 40. Rd1
Bb4 41. Bd5 Bc5 42. Rb1 Rh8 43. Rh1 Bb4 44. Kf2 Bc5+ 45. Ke2 Re8 46. a4 Ng4 47.
Kf3 Ne5+ 48. Ke2 Ng4 49. Kd1 Rxe4 50. Bxe4 Nf2+ 51. Kc2 Nxe4 52. Re1 Ng3 53. Re7
Nf5 54. Rc7 Nxh4 55. Kd3 Nf3 56. Ke4 Nxg5+ 57. Kd5 Ne6 58. Rb7 g5 59. Rb8 g4 60.
a5 bxa5 61. Rb3 Bf2 62. Rb2 g3 63. Ke4 g2 0-1

[Event "Titled Tue 20th May Early"]
[Site "chess.com INT"]
[Date "2025.05.20"]
[Round "8"]
[White "Zou, Chen"]
[Black "Popov, Konstantin"]
[Result "1/2-1/2"]
[WhiteTitle "IM"]
[BlackTitle "FM"]
[WhiteElo "2443"]
[BlackElo "2378"]
[WhiteFideId "8610959"]
[BlackFideId "34137910"]
[EventDate "2025.05.20"]

1. d4 Nf6 2. Nf3 b6 3. g3 Bb7 4. Bg2 g6 5. O-O Bg7 6. b3 O-O 7. Bb2 c5 8. e3 d5
9. dxc5 bxc5 10. Nbd2 Nbd7 11. c4 e6 12. Qc2 a5 13. Rfd1 a4 14. Ne5 axb3 15.
axb3 Qb6 16. Nxd7 Nxd7 17. Bxg7 Kxg7 18. cxd5 exd5 19. Qb2+ Qf6 20. Qxf6+ Kxf6
21. Rdc1 Rxa1 22. Rxa1 Ra8 23. Rxa8 Bxa8 24. Kf1 Ke5 25. Ke2 Bc6 26. Kd3 Bb5+
27. Kc2 f6 28. Nf3+ Kd6 29. Kc3 Ne5 30. b4 Ng4 31. bxc5+ Kxc5 32. Nd4 Bc4 33. f4
Nxe3 34. Bf3 Nf1 35. Ne6+ Kd6 36. Nf8 Nxh2 37. Bd1 Nf1 38. Nxh7 Nxg3 39. Nxf6
Ke6 40. Ng4 Kf5 41. Ne3+ Kxf4 42. Nxc4 dxc4 43. Kxc4 Ke3 44. Kd5 Kf4 45. Kd4 g5
46. Kd3 Ne4 47. Bh5 Nf6 48. Bd1 Nd5 49. Kd2 Kg3 50. Ke1 Ne3 51. Be2 Kg2 52. Bh5
Nf5 53. Bg4 Nd4 54. Kd2 Kf2 55. Bh5 Ne6 56. Bg4 Nf4 57. Kd1 Ng2 58. Bc8 Ne3+ 59.
Kd2 Nd5 60. Kd3 Ne7 61. Be6 Ng6 62. Ke4 Nf4 63. Bc8 Kg3 64. Kf5 Kh4 65. Ke4 Ng6
66. Kf3 Ne5+ 67. Kg2 Nd3 68. Bd7 Nf4+ 69. Kh2 Nd5 70. Bc8 Nf6 71. Be6 Ng4+ 72.
Bxg4 Kxg4 73. Kg2 Kh4 74. Kh2 1/2-1/2

[Event "Titled Tue 20th May Early"]
[Site "chess.com INT"]
[Date "2025.05.20"]
[Round "8"]
[White "Liu, Casper"]
[Black "Yevchenko, Oleksandr"]
[Result "0-1"]
[WhiteTitle "FM"]
[BlackTitle "CM"]
[WhiteElo "2325"]
[BlackElo "2276"]
[WhiteFideId "1454153"]
[BlackFideId "14108267"]
[EventDate "2025.05.20"]

1. d4 Nf6 2. c4 e6 3. g3 d5 4. Bg2 c5 5. Nf3 Nc6 6. O-O dxc4 7. dxc5 Qxd1 8.
Rxd1 Bxc5 9. Nbd2 c3 10. bxc3 Bd7 11. Nb3 Be7 12. Nfd4 Rc8 13. Nb5 O-O 14. Bf4
e5 15. Be3 Be6 16. Rac1 a6 17. Nd6 Bxd6 18. Rxd6 Rfd8 19. Rxd8+ Nxd8 20. Rd1 e4
21. Bb6 Nc6 22. Nc5 Bxa2 23. Nxe4 Nxe4 24. Bxe4 g6 25. Rd7 Re8 26. Bf3 Ne5 27.
Rxb7 Nxf3+ 28. exf3 Bd5 29. Ra7 Bxf3 30. Be3 Be2 31. Kg2 h5 32. h4 Rc8 33. Bd4
Kf8 34. f3 Bc4 35. Kf2 Bd3 36. Ke3 Bb5 37. Kf4 Re8 38. Kg5 Re6 39. Bc5+ Kg7 40.
g4 hxg4 41. fxg4 Re5+ 42. Kf4 Rxc5 43. Kf3 Rxc3+ 44. Kf4 Rc4+ 45. Ke5 Rc5+ 46.
Kf4 Rc4+ 47. Kg5 Rc5+ 48. Kf4 Rd5 49. h5 gxh5 50. gxh5 Rxh5 51. Ra8 Rh4+ 52. Kg5
Rh2 53. Kf4 Rf2+ 54. Ke3 Re2+ 55. Kf3 Re6 56. Rd8 Rf6+ 57. Ke3 Bc6 58. Rd4 Bb5
59. Rg4+ Kf8 60. Rd4 Ke7 61. Re4+ Re6 62. Kd4 Rxe4+ 63. Kd5 Re6 64. Kc5 Bc6 65.
Kb6 Ba8+ 66. Kc7 Bd5 67. Kb8 Rb6+ 68. Kc7 Rc6+ 69. Kb8 Rc5 70. Ka7 a5 71. Kb8 a4
72. Ka7 a3 73. Kb8 a2 74. Ka7 a1=B 75. Kb8 Be5+ 76. Ka7 Ra5+ 77. Kb6 Ra1 78. Kc5
Be6 79. Kc6 Rc1+ 80. Kb5 Kd6 81. Ka4 Rb1 82. Ka3 Kc5 83. Ka4 Ra1# 0-1

[Event "Titled Tue 20th May Early"]
[Site "chess.com INT"]
[Date "2025.05.20"]
[Round "8"]
[White "Ghoreishi Amiri, Seyed Kian"]
[Black "Gkavardinas, Antonios"]
[Result "1/2-1/2"]
[WhiteTitle "CM"]
[BlackTitle "FM"]
[WhiteElo "2215"]
[BlackElo "2313"]
[WhiteFideId "36757527"]
[BlackFideId "25883097"]
[EventDate "2025.05.20"]

1. Nf3 d5 2. c4 c6 3. g3 Bg4 4. Bg2 Nf6 5. O-O Nbd7 6. d4 e6 7. Nc3 Bxf3 8. Bxf3
Be7 9. Qc2 O-O 10. Rd1 Qa5 11. b3 Rfd8 12. Bb2 h6 13. e4 dxe4 14. Nxe4 Nxe4 15.
Bxe4 Nf6 16. Bg2 Rd7 17. Rd3 Rad8 18. Rad1 Ne8 19. h4 Bf6 20. Qd2 Qxd2 21. R1xd2
Nd6 22. d5 cxd5 23. cxd5 Ne8 24. Ba3 a5 25. Be4 exd5 26. Bxd5 Kh8 27. Kg2 Nc7
28. Bc4 Rxd3 29. Rxd3 Rxd3 30. Bxd3 Bd4 31. Bc4 f6 32. Bd6 Ne8 33. Bf4 f5 34.
Bd2 b6 35. Kf3 Kh7 36. Bd3 g6 37. h5 Kg7 38. hxg6 Kxg6 39. Bf4 Ng7 40. Bc4 Nh5
41. Bd2 Nf6 42. Bd3 Ng4 43. Kf4 Be5+ 44. Kf3 Bd4 45. Be1 Kf6 46. Ke2 h5 47. f3
Ne5 48. Bb5 Ng6 49. a3 f4 50. Bd3 fxg3 51. Bxg3 h4 52. Bh2 Kg5 53. Bxg6 Kxg6 54.
Kd3 Bc5 55. a4 Kf5 56. Ke2 Ke6 57. Kd3 Bd6 58. f4 Kf5 59. Ke3 Bc5+ 60. Kf3 Bd4
61. Kg2 Kg4 62. Kf1 Be3 63. Kg2 Bxf4 64. Bg1 h3+ 65. Kh1 Bc7 66. Be3 Kf3 67. Bd2
Ke4 68. b4 Kd3 69. bxa5 bxa5 70. Bxa5 Bxa5 71. Kh2 Bc7+ 72. Kxh3 Kc4 73. Kg4 Ba5
74. Kf5 Kb4 75. Ke6 Ka3 76. Kd5 Kxa4 1/2-1/2

[Event "Titled Tue 20th May Early"]
[Site "chess.com INT"]
[Date "2025.05.20"]
[Round "8"]
[White "Moghaddamian, Afshin"]
[Black "Iljin, Timofey"]
[Result "1-0"]
[WhiteTitle "CM"]
[BlackTitle "IM"]
[WhiteElo "2126"]
[BlackElo "2242"]
[WhiteFideId "12503886"]
[BlackFideId "14110180"]
[EventDate "2025.05.20"]

1. Nf3 Nf6 2. g3 g6 3. Bg2 Bg7 4. O-O O-O 5. c4 d6 6. d4 Nbd7 7. Nc3 e5 8. e4
exd4 9. Nxd4 Re8 10. Re1 Nc5 11. h3 a5 12. b3 c6 13. Rb1 Qb6 14. Nc2 Nh5 15. Bb2
Nxg3 16. Qxd6 Be5 17. Qd2 Nh5 18. Na4 Nxa4 19. Bxe5 Rxe5 20. bxa4 Qc7 21. f4 Re8
22. e5 Bf5 23. Rbc1 Rad8 24. Qf2 Bxc2 25. Rxc2 Qe7 26. f5 Qg5 27. e6 fxe6 28.
fxe6 Re7 29. Rb2 Rf8 30. Qd2 Nf4 31. Kh2 h5 32. Re4 h4 33. Qe1 Nxe6 34. Rxe6
Qg3+ 35. Qxg3 hxg3+ 36. Kxg3 Rxe6 37. Rxb7 Rd8 38. Rc7 Rd3+ 39. Kg4 Rd4+ 40. Kg5
Rxc4 41. Bf3 Rc5+ 42. Kh6 g5+ 43. Kh5 Rf6 44. Bd1 Rf4 45. Bb3+ Kf8 46. Kg6 Ke8
47. Rc8+ Kd7 48. Ra8 g4 49. Ra7+ Kd6 50. hxg4 Rxg4+ 51. Kf6 Rf4+ 52. Kg6 Rg4+
53. Kf6 Rg1 54. Ra8 Rf1+ 55. Kg6 Rc3 56. Rd8+ Kc7 57. Rd4 Rg3+ 58. Kh5 Rh1+ 59.
Rh4 Rxh4+ 60. Kxh4 Rxb3 61. Kg4 Kd6 62. axb3 Kc5 63. Kf4 Kb4 64. Ke5 Kxb3 65.
Kd6 1-0

[Event "Titled Tue 20th May Early"]
[Site "chess.com INT"]
[Date "2025.05.20"]
[Round "8"]
[White "Popovic, Dobrivoj"]
[Black "Barwinska, Ewa"]
[Result "1-0"]
[WhiteTitle "CM"]
[BlackTitle "WFM"]
[WhiteElo "1945"]
[BlackElo "2014"]
[WhiteFideId "907103"]
[BlackFideId "21833761"]
[EventDate "2025.05.20"]

1. e4 c5 2. c3 d5 3. exd5 Qxd5 4. d4 cxd4 5. cxd4 Nc6 6. Nf3 Bg4 7. Be2 Nf6 8.
Nc3 Qd6 9. d5 Ne5 10. Nxe5 Qxe5 11. f3 Bd7 12. O-O e6 13. dxe6 Bc5+ 14. Kh1 fxe6
15. f4 Qd4 16. Qxd4 Bxd4 17. Nb5 Bb6 18. Nd6+ Ke7 19. Nc4 Bd4 20. Rd1 Bc5 21.
Ne5 Rhd8 22. Bd2 Ne4 23. Be1 Ba4 24. b3 Be8 25. Bf3 Nf6 26. Bxb7 Rab8 27. Bf3
Be3 28. g3 Nd5 29. Ba5 Nb6 30. Bc3 Nd5 31. Bb2 Bb5 32. Ba3+ Kf6 33. Bxd5 exd5
34. Ng4+ Kf5 35. Nxe3+ Ke4 36. Nc2 d4 37. Re1+ Kf3 38. Rad1 d3 39. Ne3 Bc6 40.
Kg1 d2 41. Rf1+ Kxe3 42. Bc5+ Kd3 43. Bxa7 Ra8 44. Bc5 Rxa2 45. Be7 Rd7 46. Bb4
Kc2 47. Bxd2 Rxd2 48. Rxd2+ Kxd2 49. Rf2+ Kc3 50. Rxa2 Kxb3 51. Re2 g6 52. Re5
Bf3 53. Re7 h5 54. Rg7 Be4 55. Kf2 Bf5 56. Ke3 Kc4 57. Rg8 Kd5 58. Rd8+ Ke6 59.
Rd4 Kf6 60. Rb4 Bg4 61. Rb6+ Kf5 62. h4 Bh3 63. Kd4 Kg4 64. Rxg6+ Kf3 65. Ke5
Bg4 66. Rxg4 Kxg4 67. f5 Kxg3 68. f6 Kxh4 69. f7 Kh3 70. f8=Q h4 71. Qf1+ Kh2
72. Kf4 h3 73. Qf2+ Kh1 74. Kg3 h2 75. Qf1# 1-0